书目信息 |
| 题名: |
21世纪林业科学展望
|
|
| 作者: | 秦玉才 编译 | |
| 分册: | ||
| 出版信息: | 北京 中国林业出版社 1996.05 |
|
| 页数: | 94页 | |
| 开本: | 32开 | |
| 丛书名: | ||
| 单 册: | ||
| 中图分类: | S7 | |
| 科图分类: | ||
| 主题词: | 林业 | |
| 电子资源: | ||
| ISBN: | 7-5038-1651-1 | |
| 000 | 00514nam0 2200181 45 | |
| 001 | 0008030872 | |
| 005 | 20000803084614.1 | |
| 010 | @a7-5038-1651-1@d10.00元 | |
| 100 | @a20000803d1996 km y0chiy0120 ea | |
| 101 | 0 | @achi |
| 200 | 1 | @a21世纪林业科学展望@A21 Shi Ji Lin Ye Ke Xue Zhan Wang@f秦玉才编译@FQin Yu Cai Bian Yi |
| 210 | @a北京@c中国林业出版社@d1996.05 | |
| 215 | @a94页@d32开 | |
| 606 | 0 | @a林业 |
| 690 | @aS7@v3 | |
| 701 | 0 | @a秦玉才@4编译 |
| 801 | @aCN@bPftUser@c20000803 | |
| 905 | @b84980-984@dS7@eQ101@f5 | |
| 21世纪林业科学展望/秦玉才编译.-北京:中国林业出版社,1996.05 |
| 94页;32开 |
| ISBN 7-5038-1651-1:10.00元 |
| ● |
| 相关链接 |
|
|
|
正题名:21世纪林业科学展望
索取号:S7/Q101
 
预约/预借
| 序号 | 登录号 | 条形码 | 馆藏地/架位号 | 状态 | 备注 |
| 1 | 315495 | 203154950 | 自科库401/401自科库 68排6列5层/ [索取号:S7/Q101] | 在馆 | |
| 2 | 315496 | 203154969 | 自科库401/401自科库 68排6列5层/ [索取号:S7/Q101] | 在馆 | |
| 3 | 315497 | 203154978 | 自科库401/401自科库 68排6列5层/ [索取号:S7/Q101] | 在馆 | |
| 4 | 315498 | 203154987 | 自科库401/401自科库 68排6列5层/ [索取号:S7/Q101] | 在馆 | |
| 5 | 315499 | 203154996 | 自科库401/401自科库 68排6列5层/ [索取号:S7/Q101] | 在馆 | |
| 6 | 84980 | 200849804 | 自科库401/401自科库 68排6列5层/ [索取号:S7/Q101] | 在馆 | |
| 7 | 84981 | 200849813 | 自科库401/401自科库 68排6列5层/ [索取号:S7/Q101] | 在馆 | |
| 8 | 84982 | 200849822 | 自科库401/401自科库 68排6列5层/ [索取号:S7/Q101] | 在馆 | |
| 9 | 84983 | 200849831 | 自科库401/401自科库 68排6列5层/ [索取号:S7/Q101] | 在馆 | |
| 10 | 84984 | 200849840 | 自科库401/401自科库 68排6列5层/ [索取号:S7/Q101] | 在馆 |